|
|
|
|
| LEADER |
00000cam a2200000 a 4500 |
| 001 |
70817 |
| 005 |
20230308162538.0 |
| 008 |
000000|1980 ||||||||r|||||||||||spa|| |
| 020 |
|
|
|a 9681805127
|
| 040 |
|
|
|b spa
|
| 041 |
1 |
|
|a spa
|
| 082 |
0 |
|
|a 624
|
| 100 |
1 |
|
|a White, Richard N.Gergely, PeterSexsmith, Robert G.
|9 35085
|
| 245 |
1 |
1 |
|a Ingeniería estructural: Introducción a los conceptos de análisis y diseño
|c Richard N. White; Peter Gergely; Robert G. Sexsmith
|h imp
|n v. 1
|
| 264 |
|
|
|a México
|b Limusa
|c 1980
|
| 300 |
|
|
|a 283 páginas:
|b ilu
|c 22 cm
|
| 650 |
|
|
|a Ingenieria estructural
|9 35086
|
| 650 |
|
|
|a Estructuras
|9 33451
|
| 650 |
|
0 |
|a Análisis estructural
|9 30248
|
| 650 |
|
0 |
|a Diseño estructural
|9 34724
|
| 852 |
|
|
|a UC-CDJBV
|c SEGUNDO PISO
|f Compra
|k mariana.quezada
|l 1
|m General
|p 00000000
|r 2
|t 70817
|b 0
|d CDRC
|e CDRC
|g 624 SEGUNDO PISO
|z 0000-00-00
|
| 942 |
|
|
|c BK
|
| 999 |
|
|
|c 18497
|d 18497
|